000 00477nam a22001697a 4500
003 NUST - PNEC
005 20170116181109.0
008 151003b xxu||||| |||| 00| 0 eng d
020 _a0718119444
040 _cLIBRARY
082 _a955.0530924 PAH
100 _912792
_aPahlavi,Mohammad Reza
245 _aThe shah's story
_cMohammad Reza Pahlavi
260 _cc.1980
650 _912796
_aMohammad Reza Pahlavi, Shah of Iran, 1919-1980
_xGeneral books
942 _2ddc
_cBK
999 _c69037
_d69037